000 01223nam a2200241Ia 4500
003 Ost
005 20260507075013.0
008 260507s9999||||xx |||||||||||||| ||und||
020 _a9959290301
040 _cfsecg
041 _aara
082 _a515
100 _aجهيمة، رمضان محمد
_eمؤلف
245 0 _aالتفاضل والتكامل ج1 /
_c رمضان محمد جهيمة
250 _aطبعة 3
260 _aبيروت:
_bدار الكتاب الجديد المتحدة,
_c2002
300 _a487 صفحة؛
_bإيضاحات ؛
_c24 سم
520 _aالأعداد الحقيقية،المجموعات والدوال،النهايات والاتصال،المشتقات،تطبيقات على المشتقات،التكامل،الدوال الأسية واللوغاريتمية،معكوس الدوال المثلثية،الدوال الزائدية،طرق التكامل،الإحداثيات القطبية،تطبيقات على التكامل،الأعداد المركبة
653 _aالتفاضل والتكامل
653 _aالمعادلات التفاضلية
700 _aهب الريح، احمد عبد العالي
_eمؤلف ثانوي
942 _cكتاب
999 _c42180
_d42180